000
00227 a2200097 4500
001
24176
100
_a
Mckinsey, J.C.C
245
_a
Introduction to the theory of games
260
_a
_b
McGraw-Hill
_c
1952
090
_c
16367
_d
16367
942
_a
NUST-CAE
_c
M
_c
7077
999
_c
259249
_d
259249